000
00294nam a22001337a 4500
008
180928b xxu||||| |||| 00| 0 eng d
020
_a
3 ED
041
_a
eng
080
_a
616.002
100
_a
7
101
_a
REU
245
_a
Oxford TextBook Rheumatology
_c
David.A.I
942
_2
udc
_c
BK
999
_c
48689
_d
48689